000 00489 a2200169 4500
003 OSt
005 20240123142541.0
008 240123b |||||||| |||| 00| 0 eng d
040 _coclc
082 _a297.124
_bASH/H
100 _aAshraf, T.K. Ali
_910308
245 _aHadees:
_bCharithravum Chaithanyavum /
_cT.K. Ali Ashraf
250 _a2nd ed.
260 _aCalicut:
_bIPB Books,
_c2023.
300 _a194p.
942 _2ddc
_cBK
_h297.124
_iASH/H
_k297.124
_mASH/H
999 _c43304
_d43304